Guided composition exercises (Record no. 3042)
[ view plain ]
| 000 -LEADER | |
|---|---|
| fixed length control field | 00718nam a2200169Ia 4500 |
| 005 - DATE AND TIME OF LATEST TRANSACTION | |
| control field | 20240814060554.0 |
| 008 - FIXED-LENGTH DATA ELEMENTS--GENERAL INFORMATION | |
| fixed length control field | 240331s9999 xx 000 0 und d |
| 020 ## - INTERNATIONAL STANDARD BOOK NUMBER | |
| ISBN | 0002071088 |
| 082 ## - DDC Classification | |
| Item Number - Author Mark | SPE |
| Class No. | 407 |
| 100 ## - MAIN ENTRY--PERSONAL NAME | |
| Personal name | Spence, D.H. Pant,H.C |
| 245 #0 - TITLE STATEMENT | |
| Title | Guided composition exercises |
| 250 ## - EDITION STATEMENT | |
| Edition statement | Revised Indian Edition |
| 260 ## - PUBLICATION, DISTRIBUTION, ETC. | |
| Place of publication, distribution, etc. | Madras |
| Name of publisher, distributor, etc. | Orient Longman Ltd |
| Date of publication, distribution, etc. | 1973 |
| 300 ## - PHYSICAL DESCRIPTION | |
| Extent (e.g. Volumes, Pages etc.) | 58 p ., |
| 500 ## - GENERAL NOTE | |
| General note | This book aims to lead students at about Indian certificate of secondary Education or an equivalent level by gradual stages, from the mere imitation of selected sentences patterns to the independent construction of sentences within a given framework and aims to give students practice in composition. |
| 942 ## - Koha item type (Biblio) | |
| Koha item type | Books in Stacks (Lending) |
| Lost status | Damaged status | Collection code | Home library | Current library | Shelving location | Date acquired | Full call number | Accession Number | Item type |
|---|---|---|---|---|---|---|---|---|---|
| Lending | WERC Library | WERC Library | Social Science Cupboard | 03/31/2024 | 407 SPE | 745 | Books in Stacks (Lending) |
